000 00416nam a22001697a 4500
003 MPLRDC
005 20220104113710.0
008 210129b ||||| |||| 00| 0 eng d
082 _a857.63 QY v.34 c.2
100 _a琼瑶
245 _a聚散两依依
_c
260 _a
_b皇冠出版社
_c1981
300 _b
490 _a皇冠丛书. 700
650 _a短篇小说--别集
942 _cBK
_o857.63 QY v.34 c.2
999 _c1663
_d1653